Catálogo
 En Linea

Registro genealógico de ejemplares pura sangre de carrera en República Dominicana / (Registro nro. 25548)

Detalles MARC
000 -CABECERA
campo de control de longitud fija 00807nam a2200193 a 4500
001 - NÚMERO DE CONTROL
campo de control 000026056
005 - FECHA Y HORA DE LA ÚLTIMA TRANSACCIÓN
campo de control 20200930024250.0
008 - DATOS DE LONGITUD FIJA--INFORMACIÓN GENERAL
campo de control de longitud fija 110228s1991 dr 000 0 spa d
040 ## - FUENTE DE LA CATALOGACIÓN
Centro catalogador/agencia de origen DO-SdBNP
Lengua de catalogación spa
Centro/agencia transcriptor BNPHU
082 ## - NÚMERO DE LA CLASIFICACIÓN DECIMAL DEWEY
Número de clasificación xxx
Número de documento/Ítem R337g
049 ## - FONDOS LOCALES (OCLC)
Fondos de biblioteca BNPD
245 00 - MENCIÓN DE TÍTULO
Título Registro genealógico de ejemplares pura sangre de carrera en República Dominicana /
Mención de responsabilidad, etc. Directores de la edición Miguel A. Santana R., Luis E. Arcalá Vidal.
260 ## - PUBLICACIÓN, DISTRIBUCIÓN, ETC.
Lugar de publicación, distribución, etc. Santo Domingo :
Nombre del editor, distribuidor, etc. Stud Book Dominicano
Fabricante Taller
Fecha de publicación, distribución, etc. 1991.
300 ## - DESCRIPCIÓN FÍSICA
Extensión v. ;
Dimensiones 25 cm.
500 ## - NOTA GENERAL
Nota general La biblioteca posee el volumen 1
505 1# - NOTA DE CONTENIDO CON FORMATO
Nota de contenido con formato Vol. 1 Arbol genealógico de sementales y madres pura sangre de carrera en la República Dominicana con sus productos desde 1948-1988.
700 1# - PUNTO DE ACCESO ADICIONAL--NOMBRE DE PERSONA
Nombre de persona Santana R., Miguel A.
9 (RLIN) 52997
700 1# - PUNTO DE ACCESO ADICIONAL--NOMBRE DE PERSONA
Nombre de persona Arcalá Vidal, Luis E.
9 (RLIN) 52998
Existencias
Estado de retiro Estado de pérdida No para préstamo Código de colección Localización permanente Ubicación/localización actual Ubicación en estantería Fecha de adquisición Número de inventario Total de préstamos Signatura topográfica completa Código de barras Fecha visto por última vez Precio válido a partir de Tipo de ítem Koha Número de copia
    Excluido de préstamo Patrimonio Dominicano Patrimonio Dominicano Patrimonio Dominicano Depósito 28.02.2011 LF1   xxx R337g 26056-10 25.06.2020 25.06.2020 Libro y Folleto Colección Patrimonio Dominicano  
    Excluido de préstamo Patrimonio Dominicano Patrimonio Dominicano Patrimonio Dominicano En catalogación 28.02.2011 LF1   xxx R337g 26056-20 25.06.2020 25.06.2020 Libro y Folleto Colección Patrimonio Dominicano e. 2

Con tecnología Koha